[Event "Moscow Open Students w"]
[Site "Moscow RUS"]
[Date "2015.01.31"]
[Round "1.1"]
[White "Mammadzada, Gunay"]
[Black "Kashlinskaya, Alina"]
[Result "1/2-1/2"]
[WhiteTitle "WGM"]
[BlackTitle "IM"]
[WhiteElo "2334"]
[BlackElo "2444"]
[WhiteFideId "13403729"]
[BlackFideId "4198026"]
[EventDate "2015.01.31"]

1. e4 c6 2. d4 d5 3. Nc3 dxe4 4. Nxe4 Bf5 5. Ng3 Bg6 6. h4 h6 7. Nf3 e6 8. Ne5
Bh7 9. f4 Nf6 10. c3 Be7 11. Qb3 Qc7 12. Be2 O-O 13. O-O Nbd7 14. Bf3 Rab8 15.
Bd2 c5 16. Rad1 Nxe5 17. fxe5 c4 18. Qa4 b5 19. Qa6 Nd5 20. Bxd5 exd5 21. b4 Qd7
22. Rf4 Bc2 23. Re1 Rb6 24. Qa3 Rg6 25. Re3 Qd8 26. Qc1 Bd3 27. Rxd3 cxd3 28.
Nf5 Qd7 29. Qf1 Rc8 30. Qxd3 Bf8 31. h5 Ra6 32. Qc2 Kh8 33. Qb2 Rac6 34. Be1 a5
35. a3 axb4 36. axb4 f6 37. Qf2 fxe5 38. dxe5 Qe8 39. Nd4 Ra6 40. Rf5 Ra1 41.
Kh2 Be7 42. Bd2 Ra2 43. Qe1 Rc4 44. Be3 Qc8 45. Rf7 Qg4 46. Rf2 Qxh5+ 47. Kg1
Ra8 48. Nf5 Bh4 49. g3 Rg4 50. Kg2 Bxg3 51. Nxg3 Qxe5 52. Re2 Qe4+ 53. Kh2 Qf3
54. Bf2 Ra6 55. Re3 Qf4 56. Re8+ Kh7 57. Qe3 Ra2 58. Kg2 Qxe3 59. Rxe3 d4 60.
cxd4 Rxd4 61. Rb3 Rf4 62. Nh1 h5 63. Kg1 Rg4+ 64. Kh2 Rf4 65. Kg3 g5 66. Be3 h4+
67. Kh3 Rf1 68. Bxg5 Rxh1+ 69. Kg4 Kg6 70. Bxh4 Rg2+ 71. Bg3 Rc1 72. Kf3 Rgc2
73. Ke4 Rc4+ 74. Ke5 R1c2 75. Bf4 Re2+ 76. Be3 Kh5 77. Kd5 Kg4 78. Bc5 Re8 79.
Kc6 Rb8 80. Kc7 Rg8 81. Kc6 Kf4 82. Kxb5 Rc2 83. Rd3 Rb8+ 84. Ka4 Ke4 85. Rd4+
Ke5 86. Rd1 Rb7 87. Bd4+ Kd5 88. Kb3 Rg2 89. Bc5+ Kc6 90. Rd3 Kb5 91. Kc3 Rb8
92. Rd6 Rg3+ 93. Rd3 Rg2 94. Rd6 Rg4 95. Re6 Rg3+ 96. Re3 Rg6 97. Re5 1/2-1/2

[Event "Moscow Open Students w"]
[Site "Moscow RUS"]
[Date "2015.01.31"]
[Round "1.2"]
[White "Iwanow, Anna"]
[Black "Saduakassova, Dinara"]
[Result "1/2-1/2"]
[WhiteTitle "WIM"]
[BlackTitle "WGM"]
[WhiteElo "2288"]
[BlackElo "2406"]
[WhiteFideId "1135988"]
[BlackFideId "13700090"]
[EventDate "2015.01.31"]

1. e4 c5 2. Nf3 e6 3. d4 cxd4 4. Nxd4 a6 5. c4 Nf6 6. Nc3 Bb4 7. Qd3 Nc6 8. Nxc6
dxc6 9. Qxd8+ Kxd8 10. e5 Nd7 11. Bf4 f5 12. exf6 gxf6 13. O-O-O e5 14. Bh6 Ke7
15. Ne4 Nc5 16. Ng3 Ne6 17. a3 Bc5 18. Bd3 Kf7 19. Ne4 Be7 20. Be2 Kg6 21. Be3
f5 22. Nd6 Rd8 23. c5 f4 24. Nxc8 Raxc8 25. Bg4 fxe3 26. Bxe6 Rxd1+ 27. Rxd1 Rf8
28. fxe3 Bxc5 29. e4 Rf2 30. Rd7 b6 31. Bf5+ Kf6 32. Rxh7 Be3+ 33. Kb1 Rxg2 34.
h4 Bd4 35. Rh6+ Kg7 36. Rxc6 Rxb2+ 37. Kc1 Rh2 38. a4 Rxh4 39. a5 Rh1+ 40. Kc2
bxa5 41. Rxa6 Ra1 1/2-1/2

[Event "Moscow Open Students w"]
[Site "Moscow RUS"]
[Date "2015.01.31"]
[Round "1.3"]
[White "Severina, Maria"]
[Black "Drogovoz, Irina"]
[Result "1/2-1/2"]
[WhiteTitle "WIM"]
[WhiteElo "2233"]
[BlackElo "2218"]
[WhiteFideId "4116909"]
[BlackFideId "4176715"]
[EventDate "2015.01.31"]

1. c4 Nf6 2. Nc3 d5 3. cxd5 Nxd5 4. g3 g6 5. Bg2 Nb6 6. d3 Bg7 7. Be3 O-O 8. Qd2
N8d7 9. Qd1 Nb8 10. Qd2 N8d7 11. Bh6 Nf6 12. Nf3 Re8 13. h4 Bxh6 14. Qxh6 Ng4
15. Qf4 e5 16. Qd2 h5 17. Ng5 Kg7 18. f3 Nf6 19. Rf1 Nbd5 20. e4 Nb4 21. O-O-O
Qd4 22. a3 Nc6 23. Kb1 b5 24. f4 Bg4 25. Bf3 Rab8 26. Bxg4 hxg4 27. fxe5 Nxe5
28. Ne2 Qa4 29. d4 Nf3 30. Nxf3 Nxe4 31. Qd3 gxf3 32. Qxf3 Re7 33. Nc3 Nxc3+ 34.
Qxc3 b4 35. Qc4 Qa5 36. axb4 Rxb4 37. Qc6 Rb6 38. Qc4 Qa3 39. Rd2 Qxg3 40. Rdf2
f6 41. h5 Qb3 42. Qxb3 Rxb3 43. hxg6 Re6 44. Rc1 c6 45. Rg2 Rb5 46. Rcg1 Rd6 47.
Rg4 f5 48. R4g2 f4 49. Kc2 f3 50. Rf2 Rf5 51. Rg3 Rf4 52. Rfxf3 Rxf3 53. Rxf3
Rxd4 54. Rf7+ Kxg6 55. Rxa7 Kf6 56. Rc7 Rc4+ 57. Kb3 Rc1 58. Rd7 Ke6 59. Rd2 Rc5 1/2-1/2

[Event "Moscow Open Students w"]
[Site "Moscow RUS"]
[Date "2015.01.31"]
[Round "1.4"]
[White "Enkhtuul, Altan-Ulzii"]
[Black "Rodionova, Polina"]
[Result "1-0"]
[WhiteTitle "WGM"]
[BlackTitle "WFM"]
[WhiteElo "2258"]
[BlackElo "2184"]
[WhiteFideId "4901444"]
[BlackFideId "24102555"]
[EventDate "2015.01.31"]

1. d4 Nf6 2. Nf3 g6 3. Bf4 Bg7 4. e3 d6 5. Be2 c5 6. dxc5 Qa5+ 7. c3 Qxc5 8. h3
O-O 9. O-O Nc6 10. Nbd2 b5 11. Nd4 Nxd4 12. exd4 Qb6 13. Qb3 Rb8 14. Bf3 a5 15.
a4 b4 16. c4 Nd7 17. c5 dxc5 18. Nc4 Qa7 19. Bxb8 Nxb8 20. dxc5 Qxc5 21. Rac1
Be6 22. Qd3 Nd7 23. Rfe1 Bd4 24. Kh1 Bf5 25. Be4 Bxe4 26. Rxe4 e5 27. Qd2 Qa7
28. Re2 Nc5 29. Qd1 Nd7 30. Nd6 Qb6 31. Nb5 Rd8 32. Nxd4 exd4 33. Rec2 Qf6 34.
Rc6 Qf4 35. Rc8 Rf8 36. Rxf8+ Nxf8 37. Kg1 Ne6 38. Rc8+ Kg7 39. Qd3 Qe5 40. b3
Nf4 41. Qd2 Qe4 42. f3 Qe5 43. Rc4 g5 44. Kf2 d3 45. g3 Nh5 46. f4 gxf4 47. g4
Nf6 48. Qxd3 Qb2+ 49. Rc2 Qa1 50. Kg2 Qe5 51. Re2 Qc5 52. Rc2 Qe5 53. Qf5 Qd4
54. Qg5+ Kf8 55. Qc5+ 1-0

[Event "Moscow Open Students w"]
[Site "Moscow RUS"]
[Date "2015.01.31"]
[Round "1.5"]
[White "Sukandar, Irine Kharisma"]
[Black "Papp, Petra"]
[Result "1-0"]
[WhiteTitle "IM"]
[BlackTitle "WGM"]
[WhiteElo "2392"]
[BlackElo "2285"]
[WhiteFideId "7101937"]
[BlackFideId "739049"]
[EventDate "2015.01.31"]

1. e4 c5 2. Nf3 d6 3. d4 cxd4 4. Nxd4 Nf6 5. Nc3 a6 6. Bg5 Nbd7 7. f4 Qc7 8. Qf3
b5 9. Bxf6 Nxf6 10. e5 Bb7 11. Qe2 dxe5 12. fxe5 b4 13. Ncb5 axb5 14. exf6 gxf6
15. Qxb5+ Qd7 16. Qb6 Ba6 17. Nb5 Bh6 18. Rd1 Qb7 19. Nc7+ Kf8 20. Qxb7 Bxb7 21.
Nxa8 Bxa8 22. Rd8+ Kg7 23. Rxh8 Kxh8 24. Bc4 Bc1 25. b3 Kg7 26. Kf2 Bb2 27. Rd1
f5 28. Bd5 Bxd5 29. Rxd5 e5 30. Ke2 Kf6 31. Rb5 Bc3 32. Rc5 Bb2 33. Rc4 Ba3 34.
c3 bxc3 35. Rxc3 f4 36. Kf3 Kf5 37. Rc4 Ke6 38. Ra4 Bd6 39. b4 f5 40. b5 e4+ 41.
Ke2 Kd5 42. Ra7 Kc4 43. a4 Bc5 44. Rxh7 Kb4 45. Rh6 Bf8 46. Rf6 Bg7 47. Rxf5
Kxa4 48. b6 1-0

[Event "Moscow Open Students w"]
[Site "Moscow RUS"]
[Date "2015.02.01"]
[Round "2.1"]
[White "Kashlinskaya, Alina"]
[Black "Papp, Petra"]
[Result "1/2-1/2"]
[WhiteTitle "IM"]
[BlackTitle "WGM"]
[WhiteElo "2444"]
[BlackElo "2285"]
[WhiteFideId "4198026"]
[BlackFideId "739049"]
[EventDate "2015.01.31"]

1. d4 Nf6 2. c4 g6 3. Nf3 Bg7 4. e3 O-O 5. Be2 c5 6. O-O cxd4 7. exd4 d5 8. Nc3
Nc6 9. Bg5 Be6 10. c5 Ne4 11. Bf4 Bg4 12. Rc1 Rc8 13. h3 Bxf3 14. Bxf3 Nxd4 15.
Nxe4 Nxf3+ 16. Qxf3 dxe4 17. Qxe4 Qd4 18. Qxd4 Bxd4 19. b4 e5 20. Bh6 Rfe8 21.
Rc2 f6 22. Bd2 Re6 23. Bc3 b6 24. Bxd4 exd4 25. Rd1 a5 26. a3 axb4 27. axb4 bxc5
28. bxc5 Rec6 29. Rxd4 Rxc5 30. Rxc5 Rxc5 31. Rd8+ Kg7 1/2-1/2

[Event "Moscow Open Students w"]
[Site "Moscow RUS"]
[Date "2015.02.01"]
[Round "2.2"]
[White "Rodionova, Polina"]
[Black "Sukandar, Irine Kharisma"]
[Result "0-1"]
[WhiteTitle "WFM"]
[BlackTitle "IM"]
[WhiteElo "2184"]
[BlackElo "2392"]
[WhiteFideId "24102555"]
[BlackFideId "7101937"]
[EventDate "2015.01.31"]

1. e4 e5 2. Nf3 Nf6 3. Nxe5 d6 4. Nf3 Nxe4 5. Nc3 Nxc3 6. dxc3 Be7 7. Be3 Be6 8.
Nd4 Qd7 9. Bd3 Nc6 10. Nxe6 Qxe6 11. O-O Ne5 12. Re1 Qg4 13. Qxg4 Nxg4 14. Bd4
f6 15. Re4 Ne5 16. Rae1 O-O 17. Bc4+ Nxc4 18. Rxe7 c5 19. b3 Na3 20. Rxb7 Rf7
21. Rxf7 Kxf7 22. Be3 Nxc2 23. Re2 Nxe3 24. Rxe3 d5 25. Kf1 a5 26. Rd3 Ke6 27.
c4 d4 28. a4 h5 29. f3 g5 30. Ke2 f5 31. Rd1 Rb8 32. Rb1 f4 33. Kd3 Kf5 34. Rb2
Rb7 35. Rb1 Re7 36. Kd2 Re3 37. Re1 Rxb3 38. Re8 Rb2+ 39. Kd3 Rxg2 40. Rc8 Rxh2
41. Rxc5+ Kf6 42. Kxd4 g4 43. Ke4 g3 44. Kxf4 g2 45. Rf5+ Ke6 46. Rg5 Rh4+ 47.
Ke3 Rg4 0-1

[Event "Moscow Open Students w"]
[Site "Moscow RUS"]
[Date "2015.02.01"]
[Round "2.3"]
[White "Drogovoz, Irina"]
[Black "Enkhtuul, Altan-Ulzii"]
[Result "1-0"]
[BlackTitle "WGM"]
[WhiteElo "2218"]
[BlackElo "2258"]
[WhiteFideId "4176715"]
[BlackFideId "4901444"]
[EventDate "2015.01.31"]

1. Nf3 Nf6 2. g3 d5 3. Bg2 c6 4. O-O Bf5 5. d3 e6 6. Nc3 Be7 7. Nd2 e5 8. e4
dxe4 9. dxe4 Be6 10. Kh1 O-O 11. Qe2 Nbd7 12. f4 Bg4 13. Qe1 exf4 14. gxf4 Nh5
15. Nc4 Bh4 16. Qd2 Nb6 17. Ne3 Qxd2 18. Bxd2 Rad8 19. Be1 Bxe1 20. Raxe1 Bc8
21. Ne2 Rfe8 22. e5 g6 23. Bf3 Ng7 24. Ng3 Re7 25. Rd1 Rxd1 26. Rxd1 f5 27. c4
Rd7 28. Rxd7 Bxd7 29. Ne2 a5 30. c5 Na4 31. Nc4 Nxc5 32. Nxa5 Nge6 33. b4 Nd3
34. Nxb7 Nxb4 35. a3 Nd5 36. a4 Kf8 37. Kg1 Ke7 38. Kf2 Bc8 39. Na5 Kd7 40. Bxd5
cxd5 41. Nb3 g5 42. Ke3 g4 43. Nbd4 Ng7 44. Nc3 Bb7 45. Ncb5 Bc6 46. Nd6 Bxa4
47. N6xf5 Nxf5+ 48. Nxf5 h5 49. Kd4 Bc2 50. Ne3 Be4 51. f5 Bf3 52. Nxd5 h4 53.
Nf6+ Ke7 54. Ke3 Bd1 55. Kf4 g3 56. hxg3 h3 57. Ne4 h2 58. Nf2 Ba4 59. Kg5 Kf7
60. e6+ Ke7 61. Kg6 Bc2 62. g4 Be4 63. Kg7 h1=Q 64. Nxh1 Bxh1 65. f6+ Kxe6 66.
f7 1-0

[Event "Moscow Open Students w"]
[Site "Moscow RUS"]
[Date "2015.02.01"]
[Round "2.4"]
[White "Saduakassova, Dinara"]
[Black "Severina, Maria"]
[Result "1-0"]
[WhiteTitle "WGM"]
[BlackTitle "WIM"]
[WhiteElo "2406"]
[BlackElo "2233"]
[WhiteFideId "13700090"]
[BlackFideId "4116909"]
[EventDate "2015.01.31"]

1. d4 Nf6 2. c4 e6 3. Nf3 b6 4. g3 Bb7 5. Bg2 Be7 6. O-O O-O 7. Nc3 Ne4 8. Bd2
Bf6 9. Ne5 Nxc3 10. Bxc3 Bxg2 11. Kxg2 c5 12. dxc5 bxc5 13. Qd6 a5 14. Rfd1 Be7
15. Qd3 d6 16. Qf3 Ra6 17. Nd3 Nd7 18. Rd2 Bg5 19. e3 Qa8 20. Qxa8 Rfxa8 21. Ne1
Rb8 22. Rad1 Be7 23. Nc2 Nb6 24. Na3 Na4 25. Nb5 Nxc3 26. bxc3 d5 27. a4 dxc4
28. Rd7 Bf8 29. Rc7 Raa8 30. Rdd7 f6 31. Ra7 Rc8 32. Rdb7 Rd8 33. Rxa8 Rxa8 34.
Nc7 Rc8 35. Nxe6 Rc6 36. Nc7 Kf7 37. Nb5+ Ke6 38. Ra7 f5 39. Rxa5 Rc8 40. Ra7
Be7 41. Ra6+ Kd7 42. Ra7+ Ke6 43. Rb7 Kf6 44. a5 Ra8 45. Rb6+ Kf7 46. a6 1-0

[Event "Moscow Open Students w"]
[Site "Moscow RUS"]
[Date "2015.02.01"]
[Round "2.5"]
[White "Mammadzada, Gunay"]
[Black "Iwanow, Anna"]
[Result "1/2-1/2"]
[WhiteTitle "WGM"]
[BlackTitle "WIM"]
[WhiteElo "2334"]
[BlackElo "2288"]
[WhiteFideId "13403729"]
[BlackFideId "1135988"]
[EventDate "2015.01.31"]

1. e4 d5 2. exd5 Qxd5 3. Nc3 Qd6 4. d4 g6 5. Nf3 Bg7 6. g3 Nf6 7. Bg2 Qa6 8. Bf4
c6 9. Qe2 Qxe2+ 10. Nxe2 Bf5 11. O-O-O O-O 12. h3 Nd5 13. Bd2 a5 14. g4 Be4 15.
c3 Nb6 16. Rhe1 N8d7 17. Ng3 Bd5 18. Rxe7 Bxa2 19. Ne5 Nxe5 20. dxe5 Nc4 21. f4
Rfb8 22. Bf1 a4 23. Bxc4 Bxc4 24. Ne4 a3 25. bxa3 Rxa3 26. Be3 Ra1+ 27. Kd2 Ra2+
28. Kc1 Ra1+ 29. Kd2 Ra2+ 30. Kc1 Rba8 31. Bc5 Bf8 32. Rxb7 Bxc5 33. Nxc5 Rf2
34. Rb4 Ra1+ 35. Rb1 Raa2 36. Rb8+ Kg7 37. e6 Ra1+ 38. Rb1 Raa2 39. Rb7 Ra1+ 40.
Rb1 Raa2 1/2-1/2

[Event "Moscow Open Students w"]
[Site "Moscow RUS"]
[Date "2015.02.02"]
[Round "3.1"]
[White "Iwanow, Anna"]
[Black "Kashlinskaya, Alina"]
[Result "0-1"]
[WhiteTitle "WIM"]
[BlackTitle "IM"]
[WhiteElo "2288"]
[BlackElo "2444"]
[WhiteFideId "1135988"]
[BlackFideId "4198026"]
[EventDate "2015.01.31"]

1. e4 e6 2. d4 d5 3. Nc3 Bb4 4. e5 Ne7 5. Bd2 b6 6. a3 Bxc3 7. Bxc3 Ba6 8. Bxa6
Nxa6 9. Qe2 Nb8 10. b4 Nd7 11. Nf3 O-O 12. O-O c5 13. dxc5 bxc5 14. Rfd1 Qc7 15.
b5 a6 16. a4 axb5 17. axb5 Ng6 18. Re1 d4 19. Bb2 Rxa1 20. Bxa1 Qa5 21. Rb1 Qa2
22. Qd1 Ngxe5 23. Nxe5 Nxe5 24. b6 Rb8 25. c3 d3 26. c4 Ng4 27. Qxd3 Qxf2+ 28.
Kh1 Qf4 29. Qg3 Qxg3 30. hxg3 f6 31. Rb5 Ne3 32. b7 Nxc4 33. Rxc5 Rxb7 34. Bc3
Ne3 35. Kg1 Rb3 36. Bd2 Ng4 0-1

[Event "Moscow Open Students w"]
[Site "Moscow RUS"]
[Date "2015.02.02"]
[Round "3.2"]
[White "Severina, Maria"]
[Black "Mammadzada, Gunay"]
[Result "0-1"]
[WhiteTitle "WIM"]
[BlackTitle "WGM"]
[WhiteElo "2233"]
[BlackElo "2334"]
[WhiteFideId "4116909"]
[BlackFideId "13403729"]
[EventDate "2015.01.31"]

1. d4 d5 2. c4 c6 3. Nc3 Nf6 4. e3 e6 5. Nf3 Nbd7 6. Bd3 b6 7. O-O Bb7 8. Qe2
Be7 9. b3 O-O 10. Bb2 Qc7 11. Rac1 Rad8 12. Ne5 dxc4 13. Nxc4 c5 14. f4 a6 15.
Ne5 b5 16. dxc5 Nxc5 17. Bb1 Qb8 18. b4 Ncd7 19. Nxd7 Rxd7 20. a3 Bd8 21. Rfd1
Rxd1+ 22. Rxd1 Bb6 23. Kh1 Rd8 24. Rxd8+ Qxd8 25. h3 Qd6 26. Bc1 g6 27. Qd2 Qc7
28. Bb2 Qc6 29. Nd1 Ne4 30. Bxe4 Qxe4 31. Bd4 Bxd4 32. exd4 Qb1 33. Kh2 Qb3 34.
Nf2 Qxa3 35. Ng4 h5 36. Ne5 h4 37. Nd3 Be4 38. Nc5 Bd5 39. Nd3 Kf8 40. Nc5 Qg3+
41. Kg1 Qa3 42. f5 exf5 43. Qh6+ Ke7 44. Qxh4+ f6 45. Qf4 Qa2 46. Qc7+ Ke8 47.
Qb8+ Kf7 48. Qc7+ Kg8 49. Qb8+ Kg7 50. Qc7+ Kh6 51. Qf4+ g5 52. Qf2 Qb1+ 53. Kh2
Qxb4 54. h4 f4 55. hxg5+ fxg5 56. Nxa6 Qc3 57. Nc5 b4 58. Qe2 Qg3+ 0-1

[Event "Moscow Open Students w"]
[Site "Moscow RUS"]
[Date "2015.02.02"]
[Round "3.3"]
[White "Enkhtuul, Altan-Ulzii"]
[Black "Saduakassova, Dinara"]
[Result "1/2-1/2"]
[WhiteTitle "WGM"]
[BlackTitle "WGM"]
[WhiteElo "2258"]
[BlackElo "2406"]
[WhiteFideId "4901444"]
[BlackFideId "13700090"]
[EventDate "2015.01.31"]

1. Nf3 Nf6 2. d4 e6 3. g3 b5 4. Bg2 Bb7 5. c3 c5 6. O-O Be7 7. Nbd2 d6 8. Qb3
Qd7 9. a4 bxa4 10. Rxa4 Bc6 11. Ra1 cxd4 12. Nxd4 Bxg2 13. Kxg2 Nc6 14. N2f3
Nxd4 15. Nxd4 e5 16. Nf3 O-O 17. Rd1 Rfb8 18. Qa2 Qb7 19. Qa6 Qb3 20. Bg5 Rb6
21. Qa5 Qxb2 22. Bxf6 Bxf6 23. Qd5 Rf8 24. Rxa7 Qxe2 25. Rd2 Qb5 26. Qxb5 Rxb5
27. Rxd6 e4 28. Nd2 Bxc3 29. Nxe4 1/2-1/2

[Event "Moscow Open Students w"]
[Site "Moscow RUS"]
[Date "2015.02.02"]
[Round "3.4"]
[White "Sukandar, Irine Kharisma"]
[Black "Drogovoz, Irina"]
[Result "1-0"]
[WhiteTitle "IM"]
[WhiteElo "2392"]
[BlackElo "2218"]
[WhiteFideId "7101937"]
[BlackFideId "4176715"]
[EventDate "2015.01.31"]

1. e4 c5 2. Nf3 d6 3. d4 cxd4 4. Nxd4 Nf6 5. Nc3 a6 6. Be2 e6 7. O-O Be7 8. f4
Qc7 9. Be3 O-O 10. Kh1 Nc6 11. Qe1 Nxd4 12. Bxd4 b5 13. a3 Bb7 14. Qg3 g6 15.
Bf3 Rfd8 16. Rae1 d5 17. Be5 Qc4 18. f5 exf5 19. exf5 Nd7 20. fxg6 hxg6 21. Bf4
Nf6 22. Bg5 Kg7 23. Be2 Qc5 24. Bd1 Ng8 25. Bxe7 Nxe7 26. Qe5+ Kf8 27. Qf6 1-0

[Event "Moscow Open Students w"]
[Site "Moscow RUS"]
[Date "2015.02.02"]
[Round "3.5"]
[White "Papp, Petra"]
[Black "Rodionova, Polina"]
[Result "1-0"]
[WhiteTitle "WGM"]
[BlackTitle "WFM"]
[WhiteElo "2285"]
[BlackElo "2184"]
[WhiteFideId "739049"]
[BlackFideId "24102555"]
[EventDate "2015.01.31"]

1. e4 c6 2. d4 d5 3. Nd2 dxe4 4. Nxe4 Bf5 5. Ng3 Bg6 6. h4 h6 7. Nf3 Nd7 8. h5
Bh7 9. Bd3 Bxd3 10. Qxd3 e6 11. Bd2 Ngf6 12. O-O-O Be7 13. Kb1 O-O 14. Ne4 Nxe4
15. Qxe4 Nf6 16. Qe2 Qd5 17. Ne5 Qe4 18. Qxe4 Nxe4 19. Be1 c5 20. f3 Nf6 21. Bf2
Rac8 22. c4 Bd6 23. b3 b6 24. g4 Rfd8 25. Rhe1 Nh7 26. dxc5 Bxc5 27. Bxc5 bxc5
28. Kc2 f6 29. Rxd8+ Rxd8 30. Nd3 Ng5 31. Re3 e5 32. Nxc5 Kf7 33. a4 Rd4 34. a5
Ke7 35. a6 Kd6 36. Ne4+ Kc6 37. Nxg5 hxg5 38. Rd3 Rf4 39. Kc3 Kb6 40. Rd7 Kxa6
41. Rxg7 e4 42. fxe4 Rxe4 43. Rf7 Rxg4 44. Rxf6+ Kb7 45. Rg6 Rg3+ 46. Kb4 g4 47.
Kc5 Rh3 48. Rg7+ Ka6 49. Rg5 g3 50. b4 g2 51. Kc6 Rxh5 52. Rxh5 1-0

[Event "Moscow Open Students w"]
[Site "Moscow RUS"]
[Date "2015.02.03"]
[Round "4.1"]
[White "Kashlinskaya, Alina"]
[Black "Rodionova, Polina"]
[Result "1-0"]
[WhiteTitle "IM"]
[BlackTitle "WFM"]
[WhiteElo "2444"]
[BlackElo "2184"]
[WhiteFideId "4198026"]
[BlackFideId "24102555"]
[EventDate "2015.01.31"]

1. d4 Nf6 2. c4 g6 3. Nc3 Bg7 4. e4 d6 5. Nf3 O-O 6. h3 Nc6 7. d5 Nb4 8. Be2 a5
9. O-O Re8 10. Bg5 h6 11. Be3 e6 12. Qd2 exd5 13. exd5 Kh7 14. Rfe1 Na6 15. Bd3
Nc5 16. Bxc5 dxc5 17. Ne5 Re7 18. Re2 Nd7 19. Nf3 Ne5 20. Nxe5 Rxe5 21. Rxe5
Bxe5 22. Re1 Bf6 23. Qf4 Kg7 24. Nb5 Bd7 25. Nxc7 Rc8 26. d6 Bc6 27. Qg3 Bxb2
28. Re7 1-0

[Event "Moscow Open Students w"]
[Site "Moscow RUS"]
[Date "2015.02.03"]
[Round "4.2"]
[White "Drogovoz, Irina"]
[Black "Papp, Petra"]
[Result "0-1"]
[BlackTitle "WGM"]
[WhiteElo "2218"]
[BlackElo "2285"]
[WhiteFideId "4176715"]
[BlackFideId "739049"]
[EventDate "2015.01.31"]

1. Nf3 c5 2. g3 Nc6 3. d4 cxd4 4. Nxd4 g6 5. Nc3 Bg7 6. Nb3 d6 7. Bg2 Nf6 8. O-O
O-O 9. e4 Be6 10. h3 Rc8 11. Kh2 Qd7 12. f4 Bc4 13. Rf2 b5 14. Be3 b4 15. Nd5
Nxe4 16. Bxe4 e6 17. Nc5 Qe8 18. Nxb4 Nxb4 19. Qxd6 Nd5 20. Bxd5 exd5 21. Re1
Rc6 22. Qd7 Rxc5 23. Qxa7 Rc8 24. b3 Bb5 25. f5 Bc3 26. Bd2 Qd7 27. Qb6 Qc6 28.
Qe3 Rfe8 29. Qxc3 Qxc3 30. Rxe8+ Bxe8 31. Bxc3 Rxc3 32. fxg6 fxg6 33. a4 Rc5 34.
Rd2 Bf7 35. Kg2 g5 36. Kf2 Bg6 37. Ke1 Bxc2 38. b4 Rc4 39. a5 Be4 40. b5 Rb4 41.
b6 d4 42. Re2 Bf3 43. Re5 h6 44. Kd2 Kg7 45. Kd3 Kf6 46. Re8 Bc6 47. Rc8 Bd5 48.
Rh8 Ke5 49. Re8+ Kd6 50. Rh8 Kc5 51. Rxh6 Rb3+ 52. Kd2 Ra3 53. Rg6 Rxa5 54. Rxg5
Rb5 55. h4 Rxb6 56. h5 Kc4 57. g4 Rb2+ 58. Kc1 Rh2 59. Re5 Kc3 0-1

[Event "Moscow Open Students w"]
[Site "Moscow RUS"]
[Date "2015.02.03"]
[Round "4.3"]
[White "Saduakassova, Dinara"]
[Black "Sukandar, Irine Kharisma"]
[Result "1/2-1/2"]
[WhiteTitle "WGM"]
[BlackTitle "IM"]
[WhiteElo "2406"]
[BlackElo "2392"]
[WhiteFideId "13700090"]
[BlackFideId "7101937"]
[EventDate "2015.01.31"]

1. d4 Nf6 2. c4 e6 3. Nf3 b6 4. g3 Bb7 5. Bg2 Bb4+ 6. Bd2 Be7 7. O-O O-O 8. Nc3
Na6 9. d5 exd5 10. Nh4 c6 11. cxd5 Nxd5 12. Nxd5 Bxh4 13. gxh4 cxd5 14. h5 Qh4
15. h6 Rfe8 16. Rc1 Nc5 17. Rc3 g6 18. Rh3 Qa4 19. Qa1 Qd4 20. Bc3 Qf4 21. e3
Qg5 22. Qd1 Ne4 23. Qd4 f6 24. f4 Nxc3 25. bxc3 Qf5 26. Rg3 Kf7 27. Rg5 Qe6 28.
Rxd5 Bc6 29. Re1 Qg4 30. Rg5 fxg5 31. Qg7+ Ke6 32. Qe5+ Kf7 33. Qg7+ 1/2-1/2

[Event "Moscow Open Students w"]
[Site "Moscow RUS"]
[Date "2015.02.03"]
[Round "4.4"]
[White "Mammadzada, Gunay"]
[Black "Enkhtuul, Altan-Ulzii"]
[Result "1/2-1/2"]
[WhiteTitle "WGM"]
[BlackTitle "WGM"]
[WhiteElo "2334"]
[BlackElo "2258"]
[WhiteFideId "13403729"]
[BlackFideId "4901444"]
[EventDate "2015.01.31"]

1. e4 c5 2. Nf3 d6 3. d4 cxd4 4. Nxd4 Nf6 5. Nc3 a6 6. Be3 e5 7. Nb3 Be6 8. h3
Be7 9. f4 Nc6 10. f5 Bxb3 11. axb3 d5 12. exd5 Nb4 13. Bc4 O-O 14. O-O b5 15.
Be2 Nbxd5 16. Nxd5 Qxd5 17. Qxd5 Nxd5 18. Bf2 e4 19. Rfd1 Rfd8 20. Bxb5 Nb4 21.
Be2 e3 22. Bg3 Nxc2 23. Rxd8+ Rxd8 24. Rxa6 Nd4 25. Kf1 Nxb3 26. Bf4 Bc5 27. Bf3
h6 28. Ra8 Rxa8 29. Bxa8 Bd4 30. Ke2 Nc1+ 31. Kf3 e2 32. Bd2 Bxb2 33. Bd5 Bf6
34. Bc4 Bd4 35. Ke4 1/2-1/2

[Event "Moscow Open Students w"]
[Site "Moscow RUS"]
[Date "2015.02.03"]
[Round "4.5"]
[White "Iwanow, Anna"]
[Black "Severina, Maria"]
[Result "1-0"]
[WhiteTitle "WIM"]
[BlackTitle "WIM"]
[WhiteElo "2288"]
[BlackElo "2233"]
[WhiteFideId "1135988"]
[BlackFideId "4116909"]
[EventDate "2015.01.31"]

1. e4 e5 2. Nf3 Nc6 3. d4 exd4 4. Nxd4 Nf6 5. Nc3 Bb4 6. Nxc6 bxc6 7. Qd4 Qe7 8.
f3 Rb8 9. Bg5 d5 10. O-O-O c5 11. Bxf6 gxf6 12. Qd3 Bxc3 13. Qxc3 d4 14. Qa3 Rb4
15. c3 dxc3 16. Qxc3 Be6 17. g4 Bxa2 18. g5 Qe5 19. gxf6 Qxc3+ 20. bxc3 Rb1+ 21.
Kc2 Rxd1 22. Kxd1 Kd7 23. Kc2 Kd6 24. f4 a5 25. Bh3 Ra8 26. Rd1+ Kc6 27. e5 Kb6
28. Kb2 Bc4 29. f5 Re8 30. e6 Kc6 31. e7 Bd5 32. c4 1-0

[Event "Moscow Open Students w"]
[Site "Moscow RUS"]
[Date "2015.02.04"]
[Round "5.1"]
[White "Severina, Maria"]
[Black "Kashlinskaya, Alina"]
[Result "1/2-1/2"]
[WhiteTitle "WIM"]
[BlackTitle "IM"]
[WhiteElo "2233"]
[BlackElo "2444"]
[WhiteFideId "4116909"]
[BlackFideId "4198026"]
[EventDate "2015.01.31"]

1. g3 e5 2. c4 Nf6 3. Bg2 c6 4. Nc3 d5 5. cxd5 cxd5 6. Qb3 e4 7. d3 Nc6 8. Bg5
Bc5 9. e3 exd3 10. Bxf6 d2+ 11. Kf1 Qxf6 12. Qxd5 Bb4 13. Qxd2 O-O 14. Nge2 Bg4
15. h3 Rad8 16. Qc2 Bxe2+ 17. Kxe2 Ne5 18. f4 Qa6+ 19. Kf2 Nd3+ 20. Kg1 Qc4 21.
Kh2 Nxb2 22. Rac1 Qxc3 23. Qxc3 Bxc3 24. Rxc3 Nd1 25. Ra3 Rd2 26. Re1 Rc8 27.
Rxa7 g6 28. Kg1 b5 29. Bf1 Rcc2 30. a3 Ra2 31. Ra8+ Kg7 32. Rb8 Nc3 33. Rc1 Rxa3
34. Re1 Raa2 35. e4 Rd4 36. e5 Ne4 37. Rb7 Kf8 38. Rb8+ Kg7 39. Rb7 Kf8 40. Rb8+ 1/2-1/2